000 00945cab a2200325 4500
001 ABS49716
008 090401t1993 xxu||||| |||| 00| 0 eng d
035 _a(Sirsi) u72489
041 _aeng
245 _aAlternative land use
260 _c1993
350 _a0
490 _aFarm Development Review
_v8(1) November 1993 (LOAN)
520 _aContributions on trends in riding establishments, camping barns, teleworking, planning restrictions and farm shop, charcoal-producing plants and Farm Holiday Bureau.
650 _aCAMPING BARNS
650 _aCHARCOAL PRODUCTION
650 _aFARM DIVERSIFICATION
650 _aFARM HOLIDAYS
650 _aFARM SHOPS
650 _aFARMS
650 _aOSTRICH FARMING
650 _aPLANNING CONTROL
650 _aRIDING SCHOOLS
650 _aSTRUTT AND PARKER
650 _aTELEWORKING
650 _aTOURISM
690 _aRURAL PRACTICE
942 _n0
948 _c04/03/1997
999 _c45804
_d45804